{"text_format":"3","workbook":"xlsx","n_sheets":1,"sheets":["t412"],"read":"whole","date_system":"1900"}

{"sheet":"t412","index":0,"n_rows":171,"n_cols":7,"rows_kept":171,"merged":[[0,0,0,6],[28,0,28,5],[42,0,42,5],[143,0,143,5]]}
["TABELA 412.1 - Estatísticas Agrícolas, Município de Pedreira, Estado de São Paulo, 2016/17."]
["ITEM","UNIDADE","N.DE UPAs","MÍNIMO","MÉDIO","MÁXIMO","TOTAL"]
["Distância à sede do município","km",168,0.5,{"v":5.98,"d":"6.0"},{"v":18,"d":"18.0"},"-"]
["Área total","hectare",168,0.5,40.7,537.7,{"v":6837.4,"d":"6,837.4"}]
["Área com cultura perene","hectare",19,0.2,{"v":2.87,"d":"2.9"},{"v":9,"d":"9.0"},54.6]
["Área com cultura temporária","hectare",16,0.2,{"v":1.58,"d":"1.6"},{"v":5,"d":"5.0"},25.3]
["Área com pastagem","hectare",152,0.2,32.8,{"v":510,"d":"510.0"},{"v":4985.5,"d":"4,985.5"}]
["Área com reflorestamento","hectare",28,0.5,{"v":18.53,"d":"18.5"},{"v":100,"d":"100.0"},518.7]
["Área com vegetação natural","hectare",129,0.1,{"v":5.97,"d":"6.0"},75.4,770.1]
["Área com vegetação de brejo e várzea","hectare",1,{"v":2,"d":"2.0"},{"v":2,"d":"2.0"},{"v":2,"d":"2.0"},{"v":2,"d":"2.0"}]
["Área em descanso","hectare",1,3.3,3.3,3.3,3.3]
["Área complementar","hectare",135,0.1,{"v":3.54,"d":"3.5"},127.7,477.9]
["Área das UPAs com (0, 1] ha","hectare",3,0.5,{"v":0.77,"d":"0.8"},0.9,2.3]
["Área das UPAs com (1, 2] ha","hectare",8,1.2,{"v":1.39,"d":"1.4"},1.8,11.1]
["Área das UPAs com (2, 5] ha","hectare",34,2.4,{"v":3.67,"d":"3.7"},4.9,124.8]
["Área das UPAs com (5, 10] ha","hectare",25,5.2,{"v":7.74,"d":"7.7"},{"v":10,"d":"10.0"},193.5]
["Área das UPAs com (10, 20] ha","hectare",38,10.1,{"v":14.51,"d":"14.5"},{"v":20,"d":"20.0"},551.3]
["Área das UPAs com (20, 50] ha","hectare",27,20.4,{"v":33.64,"d":"33.6"},48.6,908.2]
["Área das UPAs com (50, 100] ha","hectare",11,{"v":51,"d":"51.0"},{"v":69.87,"d":"69.9"},90.6,768.6]
["Área das UPAs com (100, 200] ha","hectare",16,101.6,{"v":135.44,"d":"135.4"},193.1,{"v":2167,"d":"2,167.0"}]
["Área das UPAs com (200, 500] ha","hectare",4,210.4,264.2,311.1,{"v":1056.8,"d":"1,056.8"}]
["Área das UPAs com (500, 1.000] ha","hectare",2,516.1,526.9,537.7,{"v":1053.8,"d":"1,053.8"}]
["Área das UPAs com (1.000, 2.000] ha","hectare","-","-","-","-","-"]
["Área das UPAs com (2.000, 5.000] ha","hectare","-","-","-","-","-"]
["Área das UPAs com (5.000, 10.000] ha","hectare","-","-","-","-","-"]
["Área das UPAs acima de 10.000 ha","hectare","-","-","-","-","-"]
["Fonte: Secretaria de Agricultura e Abastecimento, CDRS/IEA, Projeto LUPA."]
[]
["TABELA 412.2 - Explorações Animais, Município de Pedreira, Estado de São Paulo, 2016/17."]
["ITEM","UNIDADE","N.DE UPAs","MÍNIMO","MÉDIO","MÁXIMO","TOTAL"]
["Apicultura","colmeias",1,{"v":15,"d":"15.0"},{"v":15,"d":"15.0"},{"v":15,"d":"15.0"},{"v":15,"d":"15.0"}]
["Asininos e muares","cabecas",5,{"v":1,"d":"1.0"},{"v":4,"d":"4.0"},{"v":10,"d":"10.0"},{"v":20,"d":"20.0"}]
["Avicultura de corte","cabecas/ano",3,{"v":200000,"d":"200,000.0"},{"v":266666.67,"d":"266,666.7"},{"v":400000,"d":"400,000.0"},{"v":800000,"d":"800,000.0"}]
["Bovinocultura de corte","cabecas",71,{"v":3,"d":"3.0"},{"v":56.62,"d":"56.6"},{"v":400,"d":"400.0"},{"v":4020,"d":"4,020.0"}]
["Bovinocultura leiteira","cabecas",19,{"v":2,"d":"2.0"},{"v":36.32,"d":"36.3"},{"v":120,"d":"120.0"},{"v":690,"d":"690.0"}]
["Bovinocultura mista","cabecas",14,{"v":3,"d":"3.0"},{"v":21.07,"d":"21.1"},{"v":70,"d":"70.0"},{"v":295,"d":"295.0"}]
["Equinocultura","cabecas",40,{"v":1,"d":"1.0"},5.5,{"v":30,"d":"30.0"},{"v":220,"d":"220.0"}]
["Ovinocultura","cabecas",2,{"v":50,"d":"50.0"},{"v":55,"d":"55.0"},{"v":60,"d":"60.0"},{"v":110,"d":"110.0"}]
["Piscicultura","m2 tanques",4,{"v":500,"d":"500.0"},{"v":5000,"d":"5,000.0"},{"v":14000,"d":"14,000.0"},{"v":20000,"d":"20,000.0"}]
["Suinocultura","cabecas",2,{"v":15,"d":"15.0"},32.5,{"v":50,"d":"50.0"},{"v":65,"d":"65.0"}]
["Fonte: Secretaria de Agricultura e Abastecimento, CDRS/IEA, Projeto LUPA."]
[]
["TABELA 412.3 -  Máquinas, Implementos e Benfeitorias, Município de Pedreira, Estado de São Paulo, 2016/17."]
["ITEM","UNIDADE","N.DE UPAs","MÍNIMO","MÉDIO","MÁXIMO","TOTAL"]
["Arado comum (bacia, aiveca)","unidade",21,{"v":1,"d":"1.0"},1.1,{"v":3,"d":"3.0"},{"v":23,"d":"23.0"}]
["Arado escarificador","unidade",4,{"v":1,"d":"1.0"},{"v":1.25,"d":"1.3"},{"v":2,"d":"2.0"},{"v":5,"d":"5.0"}]
["Camara fria","unidade",2,{"v":1,"d":"1.0"},1.5,{"v":2,"d":"2.0"},{"v":3,"d":"3.0"}]
["Carregadeira de cana","unidade",1,{"v":1,"d":"1.0"},{"v":1,"d":"1.0"},{"v":1,"d":"1.0"},{"v":1,"d":"1.0"}]
["Carreta de trator","unidade",13,{"v":1,"d":"1.0"},{"v":1.38,"d":"1.4"},{"v":3,"d":"3.0"},{"v":18,"d":"18.0"}]
["Colhedeira acoplada","unidade",1,{"v":1,"d":"1.0"},{"v":1,"d":"1.0"},{"v":1,"d":"1.0"},{"v":1,"d":"1.0"}]
["Computador","unidade",5,{"v":1,"d":"1.0"},1.2,{"v":2,"d":"2.0"},{"v":6,"d":"6.0"}]
["Desintegrador, picador, triturador","unidade",39,{"v":1,"d":"1.0"},1.1,{"v":2,"d":"2.0"},{"v":43,"d":"43.0"}]
["Distribuidor de calcario","unidade",1,{"v":1,"d":"1.0"},{"v":1,"d":"1.0"},{"v":1,"d":"1.0"},{"v":1,"d":"1.0"}]
["Ensiladeira","unidade",10,{"v":1,"d":"1.0"},1.1,{"v":2,"d":"2.0"},{"v":11,"d":"11.0"}]
["Grade aradora (tipo romi)","unidade",5,{"v":1,"d":"1.0"},{"v":1,"d":"1.0"},{"v":1,"d":"1.0"},{"v":5,"d":"5.0"}]
["Grade niveladora","unidade",11,{"v":1,"d":"1.0"},{"v":1,"d":"1.0"},{"v":1,"d":"1.0"},{"v":11,"d":"11.0"}]
["Misturador de racao","unidade",1,{"v":1,"d":"1.0"},{"v":1,"d":"1.0"},{"v":1,"d":"1.0"},{"v":1,"d":"1.0"}]
["Mmicrotrator","unidade",2,{"v":1,"d":"1.0"},{"v":1,"d":"1.0"},{"v":1,"d":"1.0"},{"v":2,"d":"2.0"}]
["Ordenhadeira mecanica","unidade",4,{"v":1,"d":"1.0"},{"v":1,"d":"1.0"},{"v":1,"d":"1.0"},{"v":4,"d":"4.0"}]
["Pulverizador tratorizado","unidade",2,{"v":1,"d":"1.0"},{"v":1,"d":"1.0"},{"v":1,"d":"1.0"},{"v":2,"d":"2.0"}]
["Resfriador de leite, tanque expansao","unidade",4,{"v":1,"d":"1.0"},1.5,{"v":3,"d":"3.0"},{"v":6,"d":"6.0"}]
["Roçadeira costal","unidade",15,{"v":1,"d":"1.0"},1.2,{"v":2,"d":"2.0"},{"v":18,"d":"18.0"}]
["Roçadeira tratorizada","unidade",1,{"v":1,"d":"1.0"},{"v":1,"d":"1.0"},{"v":1,"d":"1.0"},{"v":1,"d":"1.0"}]
["Roçadora","unidade",4,{"v":1,"d":"1.0"},{"v":1.25,"d":"1.3"},{"v":2,"d":"2.0"},{"v":5,"d":"5.0"}]
["Semeadeira/adubadeira para plantio convencional","unidade",2,{"v":1,"d":"1.0"},{"v":1,"d":"1.0"},{"v":1,"d":"1.0"},{"v":2,"d":"2.0"}]
["Trator de pneus  acima de 85 cv","unidade",2,{"v":1,"d":"1.0"},{"v":1,"d":"1.0"},{"v":1,"d":"1.0"},{"v":2,"d":"2.0"}]
["Trator de pneus até 65 cv","unidade",24,{"v":1,"d":"1.0"},{"v":1.04,"d":"1.0"},{"v":2,"d":"2.0"},{"v":25,"d":"25.0"}]
["Trator de pneus de 66 cv a 85 cv","unidade",34,{"v":1,"d":"1.0"},{"v":1.21,"d":"1.2"},{"v":2,"d":"2.0"},{"v":41,"d":"41.0"}]
["Acude/represa","unidade",41,{"v":1,"d":"1.0"},{"v":1.83,"d":"1.8"},{"v":8,"d":"8.0"},{"v":75,"d":"75.0"}]
["Alambique","unidade",1,{"v":1,"d":"1.0"},{"v":1,"d":"1.0"},{"v":1,"d":"1.0"},{"v":1,"d":"1.0"}]
["Almoxarifado/oficina","unidade",3,{"v":1,"d":"1.0"},{"v":1,"d":"1.0"},{"v":1,"d":"1.0"},{"v":3,"d":"3.0"}]
["Armazem para graos ensacados","sacas",1]
["Barracao para granja/avicultura","unidade",7,{"v":1,"d":"1.0"},{"v":3,"d":"3.0"},{"v":5,"d":"5.0"},{"v":21,"d":"21.0"}]
["Barracao/galpao/garagem","unidade",58,{"v":1,"d":"1.0"},{"v":1.43,"d":"1.4"},{"v":9,"d":"9.0"},{"v":83,"d":"83.0"}]
["Biodigestor","unidade",1,{"v":1,"d":"1.0"},{"v":1,"d":"1.0"},{"v":1,"d":"1.0"},{"v":1,"d":"1.0"}]
["Casa de moradia habitada","unidade",105,{"v":1,"d":"1.0"},{"v":2.42,"d":"2.4"},{"v":30,"d":"30.0"},{"v":254,"d":"254.0"}]
["Casa de moradia total","unidade",107,{"v":1,"d":"1.0"},3.4,{"v":30,"d":"30.0"},{"v":364,"d":"364.0"}]
["Curral/mangueira","unidade",62,{"v":1,"d":"1.0"},{"v":1.11,"d":"1.1"},{"v":3,"d":"3.0"},{"v":69,"d":"69.0"}]
["Deposito/tulha","unidade",6,{"v":1,"d":"1.0"},{"v":1.33,"d":"1.3"},{"v":2,"d":"2.0"},{"v":8,"d":"8.0"}]
["Estabulo","unidade",33,{"v":1,"d":"1.0"},{"v":1.18,"d":"1.2"},{"v":3,"d":"3.0"},{"v":39,"d":"39.0"}]
["Estufa/plasticultura","m2",2]
["Instalacoes para equinos","unidade",8,{"v":1,"d":"1.0"},{"v":3.13,"d":"3.1"},{"v":6,"d":"6.0"},{"v":25,"d":"25.0"}]
["Maquina de beneficio","unidade",1,{"v":1,"d":"1.0"},{"v":1,"d":"1.0"},{"v":1,"d":"1.0"},{"v":1,"d":"1.0"}]
["Pocilga","unidade",4,{"v":1,"d":"1.0"},{"v":2.25,"d":"2.3"},{"v":5,"d":"5.0"},{"v":9,"d":"9.0"}]
["Poco semi-artesiano","unidade",4,{"v":1,"d":"1.0"},{"v":1,"d":"1.0"},{"v":1,"d":"1.0"},{"v":4,"d":"4.0"}]
["Secador de graos","unidade",1,{"v":1,"d":"1.0"},{"v":1,"d":"1.0"},{"v":1,"d":"1.0"},{"v":1,"d":"1.0"}]
["Silo para silagem","ton",1]
["Terreiro","m2",24]
["Usina de acucar/destilaria","unidade",1,{"v":1,"d":"1.0"},{"v":1,"d":"1.0"},{"v":1,"d":"1.0"},{"v":1,"d":"1.0"}]
["Fonte: Secretaria de Agricultura e Abastecimento, CDRS/IEA, Projeto LUPA."]
[]
["TABELA 412.4 - Outras Estatísticas Agrícolas, Município de Pedreira, Estado de São Paulo, 2016/17."]
["ITEM","Número de UPAs",null,"Percentual"]
["Faz Parte de Associação de Produtores","-",null,"-"]
["Faz Parte de Cooperativa de Produtores",2,null,{"v":1.1904761904761905,"d":"1.2"}]
["Faz Parte do Sindicato de Produtores",11,null,{"v":6.547619047619048,"d":"6.5"}]
["Não utiliza assistência técnica ",145,null,{"v":86.30952380952381,"d":"86.3"}]
["Utiliza somente assistência técnica governamental ",2,null,{"v":1.1904761904761905,"d":"1.2"}]
["Utiliza somente assistência técnica privada ",19,null,{"v":11.30952380952381,"d":"11.3"}]
["Utiliza assistência técnica tanto governamental quanto privada",2,null,{"v":1.1904761904761905,"d":"1.2"}]
["Utiliza Crédito Rural",9,null,{"v":5.357142857142857,"d":"5.4"}]
["Utiliza Seguro Rural","-",null,"-"]
["Utiliza Escrituração Agrícola",26,null,{"v":15.476190476190476,"d":"15.5"}]
["Acessa Internet p/ Fins na Agropecuária",4,null,{"v":2.380952380952381,"d":"2.4"}]
["Utiliza Computador nas Atividades Agropecuárias",4,null,{"v":2.380952380952381,"d":"2.4"}]
["Utiliza Energia Elétrica Para Uso na Atividade Agrícola",154,null,{"v":91.66666666666666,"d":"91.7"}]
["Utiliza Energia Alternativa",1,null,{"v":0.5952380952380952,"d":"0.6"}]
["Realiza Análise de Solo, quando necessário",4,null,{"v":2.380952380952381,"d":"2.4"}]
["Realiza Calagem",4,null,{"v":2.380952380952381,"d":"2.4"}]
["Utiliza Práticas de Conservação de Solo, quando necessário",10,null,{"v":5.9523809523809526,"d":"6.0"}]
["Faz Adubação Mineral, quando necessário",26,null,{"v":15.476190476190476,"d":"15.5"}]
["Faz Adubação Orgânica, quando necessário",24,null,{"v":14.285714285714285,"d":"14.3"}]
["Faz Adubação Verde, quando necessário",1,null,{"v":0.5952380952380952,"d":"0.6"}]
["Utiliza Manejo Integrado de Pragas (MIP)","-",null,"-"]
["Utiliza Hidroponia",1,null,{"v":0.5952380952380952,"d":"0.6"}]
["Utiliza Cultivo em Estufa",4,null,{"v":2.380952380952381,"d":"2.4"}]
["Utiliza Mudas Fiscalizadas",6,null,{"v":3.5714285714285716,"d":"3.6"}]
["Utiliza Semente Melhorada",6,null,{"v":3.5714285714285716,"d":"3.6"}]
["Faz Confinamento de Bovinos","-",null,"-"]
["Utiliza Pastejo Intensivo",4,null,{"v":2.380952380952381,"d":"2.4"}]
["Faz Inseminação Artificial",5,null,{"v":2.9761904761904763,"d":"3.0"}]
["Faz Mineralização do Rebanho",87,null,{"v":51.785714285714285,"d":"51.8"}]
["Faz Vermifugação do Rebanho",86,null,{"v":51.19047619047619,"d":"51.2"}]
["Possui Parceiros /Arrendatários na Exploração Animal",4,null,{"v":2.380952380952381,"d":"2.4"}]
["Existência de trabalhadores c/ deficiência na UPA","-",null,"-"]
["Esporte e lazer",4,null,{"v":2.380952380952381,"d":"2.4"}]
["Extração mineral",1,null,{"v":0.5952380952380952,"d":"0.6"}]
["Hotel Fazenda, Pousada ou SPA",2,null,{"v":1.1904761904761905,"d":"1.2"}]
["Pesque-pague",3,null,{"v":1.7857142857142858,"d":"1.8"}]
["Restaurante ou Lanchonete",1,null,{"v":0.5952380952380952,"d":"0.6"}]
["Transformação artesanal","-",null,"-"]
["Turismo rural ou ecoturismo","-",null,"-"]
["Outras atividades econômicas rurais",2,null,{"v":1.1904761904761905,"d":"1.2"}]
["Agroindústria",4,null,{"v":2.380952380952381,"d":"2.4"}]
["Proprietário sem instrução ou com instrução incompleta",19,null,{"v":11.30952380952381,"d":"11.3"}]
["Proprietário com antigo primário completo",40,null,{"v":23.80952380952381,"d":"23.8"}]
["Proprietário com 1° grau (ou antigo ginasial) completo",30,null,{"v":17.857142857142858,"d":"17.9"}]
["Proprietário com 2° grau (ou antigo colegial) completo",30,null,{"v":17.857142857142858,"d":"17.9"}]
["Proprietário com curso superior completo ",47,null,{"v":27.976190476190474,"d":"28.0"}]
["Pessoa Jurídica",2,null,{"v":1.1904761904761905,"d":"1.2"}]
["Proprietário residente na própria UPA ",60,null,{"v":35.714285714285715,"d":"35.7"}]
["Fonte: Secretaria de Agricultura e Abastecimento, CDRS/IEA, Projeto LUPA."]
[]
["TABELA 412.5 - Área Cultivada, Município de Pedreira, Estado de São Paulo, 2016/17."]
["CULTURA","N.DE UPAs","MÍNIMO","MÉDIO","MÁXIMO","TOTAL"]
["Braquiaria",151,0.2,{"v":32.99,"d":"33.0"},{"v":510,"d":"510.0"},{"v":4981.5,"d":"4,981.5"}]
["Eucalipto",27,0.5,{"v":18.08,"d":"18.1"},{"v":100,"d":"100.0"},488.2]
["Cafe",8,{"v":1,"d":"1.0"},{"v":3.94,"d":"3.9"},{"v":9,"d":"9.0"},31.5]
["Outras florestais",1,{"v":30,"d":"30.0"},{"v":30,"d":"30.0"},{"v":30,"d":"30.0"},{"v":30,"d":"30.0"}]
["Milho safra",8,0.5,{"v":1.65,"d":"1.7"},{"v":5,"d":"5.0"},13.2]
["Manga",4,0.7,{"v":1.93,"d":"1.9"},{"v":5,"d":"5.0"},7.7]
["Cana-de-acucar outras finalidades",3,{"v":1,"d":"1.0"},{"v":2,"d":"2.0"},{"v":4,"d":"4.0"},{"v":6,"d":"6.0"}]
["Capim-napier (ou capim-elefante)",2,{"v":1,"d":"1.0"},{"v":2,"d":"2.0"},{"v":3,"d":"3.0"},{"v":4,"d":"4.0"}]
["Banana",3,0.3,1.1,{"v":2,"d":"2.0"},3.3]
["Lichia",2,{"v":1,"d":"1.0"},1.5,{"v":2,"d":"2.0"},{"v":3,"d":"3.0"}]
["Pomar domestico",5,0.1,{"v":0.52,"d":"0.5"},{"v":1,"d":"1.0"},2.6]
["Uva fina",1,{"v":2,"d":"2.0"},{"v":2,"d":"2.0"},{"v":2,"d":"2.0"},{"v":2,"d":"2.0"}]
["Abacate",1,{"v":2,"d":"2.0"},{"v":2,"d":"2.0"},{"v":2,"d":"2.0"},{"v":2,"d":"2.0"}]
["Laranja Mercado",2,0.5,{"v":1,"d":"1.0"},1.5,{"v":2,"d":"2.0"}]
["Mandioca",2,0.1,0.8,1.5,1.6]
["Maracuja",2,0.6,0.8,{"v":1,"d":"1.0"},1.6]
["Alface",3,0.1,0.3,0.5,0.9]
["Outras olericolas",3,0.1,0.3,0.6,0.9]
["Feijao",2,0.1,0.3,0.5,0.6]
["Caqui",1,0.5,0.5,0.5,0.5]
["Pinus",1,0.5,0.5,0.5,0.5]
["Horta domestica",1,0.2,0.2,0.2,0.2]
["Cebolinha",1,0.1,0.1,0.1,0.1]
["Pepino",1,0.1,0.1,0.1,0.1]
["Couve (ou couve-crespa)",1,0.1,0.1,0.1,0.1]
["Fonte: Secretaria de Agricultura e Abastecimento, CDRS/IEA, Projeto LUPA."]